Los eruditos a la violeta o curso completo de todas las ciencias / (Record no. 20480)
[ view plain ]
| 000 -CABECERA | |
|---|---|
| campo de control de longitud fija | 00877nam a2200241 a 4500 |
| 005 - FECHA Y HORA DE LA ÚLTIMA TRANSACCIÓN | |
| campo de control | 20231025063712.0 |
| 008 - ELEMENTOS DE LONGITUD FIJA--INFORMACIÓN GENERAL | |
| campo de control de longitud fija | 991125s1991 mx 000 0 spa u |
| 020 ## - NÚMERO INTERNACIONAL NORMALIZADO PARA LIBROS | |
| Número Internacional Estándar del Libro | 9688422975 |
| 035 ## - NÚMERO DE CONTROL DEL SISTEMA | |
| Número de control de sistema | UPN01000020480 |
| 049 ## - COLECCIÓN | |
| Colección | CG |
| 050 #4 - SIGNATURA TOPOGRÁFICA DE LA BIBLIOTECA DEL CONGRESO | |
| Número de clasificación | PN593 |
| Número de documento/Ítem | V3.4 |
| 100 1# - ASIENTO PRINCIPAL--NOMBRE PERSONAL | |
| Nombre de persona | Vázquez, Joseph |
| 245 14 - MENCIÓN DE TÍTULO | |
| Título | Los eruditos a la violeta o curso completo de todas las ciencias / |
| Mención de responsabilidad, etc. | Joseph Vázquez |
| 260 ## - PUBLICACIÓN, DISTRIBUCIÓN, ETC. | |
| Lugar de publicación, distribución, etc. | México : |
| Nombre del editor, distribuidor, etc. | CONACYT : |
| -- | M. A. Porrúa |
| Fecha de publicación, distribución, etc. | 1991. |
| 300 ## - DESCRIPCIÓN FÍSICA | |
| Extensión | 156, 97 p. |
| 440 ## - MENCIÓN DE SERIE/ASIENTO SECUNDARIO--TÍTULO | |
| Título | Tlahuicole |
| 500 ## - NOTA GENERAL | |
| Nota general | "Edición facsimilar de la publicada en Barcelona : Imprenta de Eulalia Piferrer Viuda, 1782" |
| 501 ## - NOTA DE "CON" | |
| Nota de “Con” | Con: Ocios de mi juventud, ó poesías líricas de D. Josef Vázquez: en continuación de los Eruditos a la violeta. |
| 650 #2 - ASIENTO SECUNDARIO DE MATERIA - TERMINO TEMATICO | |
| Término de materia o nombre geográfico como elemento de entrada | Literatura |
| Subdivisión general | Filosofía |
| 9 (RLIN) | 8046 |
| 650 #4 - ASIENTO SECUNDARIO DE MATERIA - TERMINO TEMATICO | |
| Término de materia o nombre geográfico como elemento de entrada | Literatura |
| Subdivisión general | Historia y crítica |
| 9 (RLIN) | 5355 |
| 902 ## - ELEMENTOS DE DATOS B LOCAL, LDB (RLIN) | |
| Creó | MMA/tgg. |
| 905 ## - TIPO DE MATERIAL | |
| Tipo de material | Libro |
| Estado de retiro | Estado de pérdida | Fuente del sistema de clasificación o colocación | Estado dañado | No para préstamo | Código de colección | Localización permanente | Ubicación/localización actual | Ubicación en estantería | Enumeración/cronología de publicación seriada | Total de préstamos | Clasificación | Código de barras | Fecha visto por última vez | Número de copia | Tipo de ítem Koha |
|---|---|---|---|---|---|---|---|---|---|---|---|---|---|---|---|
| Library of Congress Classification | Colección General | Bib. Gregorio Torres Quintero | Bib. Gregorio Torres Quintero | Planta baja | - | 1 | PN593 V3.4 | 208967 | 31/12/2020 | 1 | Libro | ||||
| Library of Congress Classification | Colección General | Bib. Gregorio Torres Quintero | Bib. Gregorio Torres Quintero | Planta baja | - | PN593 V3.4 | 105783 | 31/12/2020 | 1 | Libro |
